Legislatívna zmena pri príspevku na stravovanie

Dnešná doba prináša mnoho zmien, najväčšie zmeny však môžeme pociťovať v rámci legislatívy, ktorá sa neustále mení. Veľkou zmenou v roku 2021 prešiel aj Zákonník práce. Jeho novelizácia priniesla možnosť zamestnancom prijímať príspevok na stravovanie od svojho zamestnávateľa formou gastrolístkov, ak...

Description complète

Enregistré dans:
Détails bibliographiques
Auteur principal: Kopčáková, Janka, 1994-
Autres auteurs: Novotný, Marcel, 1979-
Format: Chapitre de livre
Langue:slovaque
Sujets:
Tags: Ajouter un tag
Pas de tags, Soyez le premier à ajouter un tag!

MARC

LEADER 00000naa$a2200000$$$4500
001 0281484
005 20260128164212.2
041 0 |a slo 
044 |a SK 
245 1 0 |a Legislatívna zmena pri príspevku na stravovanie  |c Janka Kopčáková, Marcel Novotný 
520 |a Dnešná doba prináša mnoho zmien, najväčšie zmeny však môžeme pociťovať v rámci legislatívy, ktorá sa neustále mení. Veľkou zmenou v roku 2021 prešiel aj Zákonník práce. Jeho novelizácia priniesla možnosť zamestnancom prijímať príspevok na stravovanie od svojho zamestnávateľa formou gastrolístkov, ako to bolo aj doteraz. Zároveň prichádza pre zamestnancov nová možnosť prijímania príspevku na stravovanie formou finančného príspevku. Cieľom príspevku je priblížiť a poukázať na novelizáciu v oblasti príspevku na stravovanie. 
610 2 0 |a stravné 
610 2 0 |a príspevky finančné 
610 2 0 |a zákonník práce 
610 2 0 |a zákony 
610 2 0 |a legislatíva 
610 2 0 |a novelizácia 
610 2 0 |a Slovensko 
100 1 |a Kopčáková, Janka, 1994- 
700 1 |a Novotný, Marcel, 1979-